Statistiques concernant les 30 plus grandes agglomérations d'Europe

Cliquez ici pour prendre le quiz!

Statistiques générales

  • Ce quiz a été pris 247 fois
  • Le résultat moyen est 27 sur 30

Statistiques - réponses

PlacePaysPopulationVille% Correct
3Royaume-Uni9 787 426Londres
100%
4Espagne5 787 392Madrid
100%
2France10 550 350Paris
100%
5Espagne4 933 548Barcelone
99%
8Allemagne3 501 872Berlin
99%
1Russie11 514 330Moscou
99%
11Portugal2 811 543Lisbonne
98%
7Italie3 592 509Rome
98%
26France1 565 879Marseille
97%
10Italie3 056 107Milan
97%
9Grèce3 097 843Athènes
96%
16Belgique1 958 115Bruxelles
96%
12Ukraine2 805 867Kiev
96%
25France1 584 738Lyon
96%
17Roumanie1 889 202Bucarest
93%
13Royaume-Uni2 553 379Manchester
93%
15Italie2 215 805Naples
93%
22Hongrie1 734 398Budapest
92%
23Pologne1 702 698Varsovie
92%
24Autriche1 699 888Vienne
92%
6Russie4 848 742Saint-Pétersbourg
91%
21Italie1 736 536Turin
90%
30Portugal1 285 345Porto
89%
18Biélorussie1 846 994Minsk
88%
28Allemagne1 378 176Munich
87%
29Suède1 359 972Stockholm
84%
19Allemagne1 798 836Hambourg
83%
14Royaume-Uni2 440 986Birmingham
73%
20Royaume-Uni1 777 934West Yorkshire (Leeds-Bradford)
52%
27Ukraine1 452 699Kharkov
19%

Distribution des résultats

Percentile par nombre de réponses

% des personnes avec chaque résultat

Votre développement - résultats

Vous n’avez pas pris ce quiz